Vida de droga (Record no. 166626)

MARC details
000 -LÍDER
campo de controle de tamanho fixo 00349 a2200169 4500
001 - NÚMERO DE CONTROLE
campo de controle 166626
020 ## - ISBN - INTERNATIONAL STANDARD BOOK NUMBER
ISBN - International Standard Book Number 978-85-08-10670-7
040 ## - FONTE DA CATALOGAÇÃO
Instituição que transcreveu o registro Magnum
100 ## - ENTRADA PRINCIPAL--NOME PESSOAL
Nome pessoal Carrasco, Walcyr
240 10 - TÍTULO UNIFORME
Título uniforme Vida de droga
Idioma da obra por
245 10 - TÍTULO
Título Vida de droga
300 ## - DESCRIÇÃO FÍSICA
Extensão 176
362 0# - DATAS DE PUBLICAÇÃO E/OU DESIGNAÇÃO SEQUENCIAL
Datas de publicação e/ou designação sequencial 2007
440 #1 - DECLARAÇÃO DE SÉRIE/ENTRADA ADICIONADA--TÍTULO
Título Ática
697 ## - ENTRADA DE ASSUNTO LOCAL--ENTIDADE COLETIVA (RLIN)
Nome corporativo ou nome da jurisdição LITERATURA JUVENIL
942 ## - ELEMENTOS DE ENTRADA ADICIONADOS (KOHA)
Tipo de material Koha Livros
Holdings
Situação do descarte Situação das perdas Situação física Não pode ser emprestado Biblioteca de origem Biblioteca atual Data de aquisição Total de empréstimos Número de chamada completo Código de barras Data de último acesso Data do preço efetivo Tipo de material Koha
        Magnum Magnum 08/06/2024   869.3.618 MAG00010984 08/06/2024 08/06/2024 Livros
        Magnum Magnum 08/06/2024   869.3.618 MAG00010985 08/06/2024 08/06/2024 Livros
        Magnum Magnum 08/06/2024   869.3.618 MAG00010986 08/06/2024 08/06/2024 Livros
        Magnum Magnum 08/06/2024   869.3.618 MAG00010987 08/06/2024 08/06/2024 Livros
        Magnum Magnum 08/06/2024   869.3.618 MAG00010988 08/06/2024 08/06/2024 Livros
        Magnum Magnum 08/06/2024   869.3.618 MAG00010989 08/06/2024 08/06/2024 Livros
        Magnum Magnum 08/06/2024   869.3.618 MAG00010990 08/06/2024 08/06/2024 Livros
        Magnum Magnum 08/06/2024   869.3.618 MAG00010991 08/06/2024 08/06/2024 Livros
        Magnum Magnum 08/06/2024   869.3.618 MAG00010992 08/06/2024 08/06/2024 Livros
        Magnum Magnum 08/06/2024   869.3.618 MAG00010993 08/06/2024 08/06/2024 Livros